| 000 | 00613nam a22001937a 4500 | ||
|---|---|---|---|
| 999 |
_c15336 _d15336 |
||
| 003 | AR-CdUCM | ||
| 008 | 190426b ||||| |||| 00| 0 spa d | ||
| 020 | _a978-607-618-423-3 | ||
| 040 |
_aMUNICIPALIDAD PROVINCIAL DEL CUSCO _cBIBLIOTECA MUNICIPAL DEL CUSCO |
||
| 082 |
_aPI / 803 / _bV62 |
||
| 100 |
_aParker, Vic _930410 |
||
| 245 |
_aHans Christian Andersen : _bCuentos infantiles / |
||
| 260 |
_aMéxico : _bSilver Dolphin, _c2015. |
||
| 300 |
_a512 paginas ; _bIlustraciones, _c22 cm. |
||
| 650 |
_aLiteratura infantil _9588 |
||
| 650 |
_aCuentos _9217 |
||
| 942 |
_2ddc _cLIBROS |
||
| 945 |
_arjall _d2019-04-26 |
||